Lonely Planet top 100 destinations - Statistics

General Stats
  • This quiz has been taken 92 times
  • The average score is 29 of 100
Answer Stats
Ranking Place Country % Correct
4 Great Wall of China China
85%
5 Taj Mahal India
85%
3 Machu Picchu Peru
84%
1 Angkor Wat Cambodia
82%
7 Colosseum Italy
80%
33 Uluru Australia
73%
40 Eiffel Tower France
72%
62 Stonehenge England
69%
6 Grand Canyon United States
68%
2 Great Barrier Reef Australia
66%
13 Petra Jordan
65%
27 Victoria Falls Zambia/Zimbabwe
61%
8 Iguazu Falls Argentina/Brazil
59%
28 Acropolis, Athens Greece
58%
25 The Pyramids Of Giza Egypt
53%
10 Aya Sofya (Hagia Sophia) Turkey
51%
57 Sydney Opera House Australia
51%
21 Yosemite United States
47%
9 Alhambra Spain
46%
16 Sagrada Familia Spain
46%
61 Yellowstone National Park United States
46%
22 Dubrovnik Croatia
45%
37 Louvre Museum France
43%
85 St. Peter's Basilica Italy
43%
19 Galapagos Islands Ecuador
41%
41 Pompeii Italy
39%
78 Chichen Itza Mexico
36%
45 Serengeti National Park Tanzania
36%
29 Versailles France
36%
51 Pantheon, Roma Italy
35%
65 Halong Bay Vietnam
34%
11 Medina of Fez Morocco
34%
87 Red Square, Moscow Russia
32%
14 Tikal National Park Guatemala
32%
43 Table Mountain South Africa
31%
18 Santorini Greece
30%
34 Charles Bridge Czechia
28%
76 Lake Bled Slovenia
28%
55 Notre Dame France
28%
93 Blue Lagoon Iceland
26%
15 British Museum England
26%
58 Edinburgh Castle Scotland
26%
90 Everest Base Camp Trek Nepal
26%
46 Hermitage, St. Petersburg Russia
26%
23 Salar de Uyuni Bolivia
26%
88 Forbidden City, Beijing China
24%
36 Lake District England
24%
98 Matterhorn Switzerland
24%
63 Berlin Wall Germany
23%
67 Cappadocia Turkey
23%
47 Bay of Kotor Montenegro
22%
100 Okavango Delta Botswana
20%
92 Teotihuacan Mexico
20%
59 Anne Frank Huis Netherlands
19%
99 Gamla Stan, Stockholm Sweden
19%
79 Masai Mara Kenya
19%
49 Ngorongoro Crater Conservation Area Tanzania
19%
38 Torres del Paine National Park Chile
19%
95 Abu Simbel Egypt
18%
24 Bagan Burma
18%
64 Isle of Skye Scotland
18%
60 Jökulsarlon Iceland
18%
56 Kakadu National Park Australia
18%
39 Lake Baikal Russia
18%
12 Twelve Apostles Australia
18%
71 Mt. Sinai Egypt
16%
44 Old Town Square, Prague Czechia
16%
26 Piazza San Marco, Venice Italy
16%
35 Abel Tasman National Park New Zealand
15%
86 Dome of the Rock Israel
15%
42 Havana vieja Cuba
15%
74 Lalibela Ethiopia
15%
30 Djemaa el-Fna, Marrakesh Morocco
14%
50 Hiroshima Japan
14%
48 Jaisalmer India
14%
68 Ko Tao Thailand
14%
91 Shwedagon Pagoda Burma
14%
83 Hoi An Old Town Vietnam
12%
73 Mezquita of Cordoba Spain
12%
69 Palenque Mexico
12%
77 Redwood National Park United States
12%
66 Santa Maria del Fiore Italy
12%
75 Arashiyama - Kyoto Japan
11%
97 Big Sur United States
11%
70 Ilulissat Kangerlua Greenland
11%
53 Naqsh-e Jahan Iran
11%
17 Fiordland National Park New Zealand
9%
31 Hanoi's Old Quarter Vietnam
9%
80 Metropolitan Museum of Art United States
9%
84 Monument Valley United States
9%
52 Tate Modern England
9%
32 Cradle Mountain, Tasmania Australia
8%
72 Pao De Acucar Brazil
8%
54 Tiger Leaping Gorge China
8%
82 Valley of the Kings Egypt
8%
96 Le Cimetière De Père Lachaise France
7%
89 Uffizi Gallery Italy
7%
20 Museum of Old and New Art, Tasmania Australia
5%
81 Franz Josef & Fox Glacier New Zealand
4%
94 Lake Wanaka New Zealand
4%
No matching quizzes found
Score Distribution
Percent of People with Each Score
Percentile by Number Answered
Your Score History
You have not taken this quiz